|
|
|
|
| LEADER |
01036nam a2200313 i 4500 |
| 001 |
001675037 |
| 003 |
CZ BrMZK |
| 005 |
20190603075453.0 |
| 007 |
ta |
| 008 |
190322s1999 fr g 000 f fre |
| 020 |
|
|
|a 2-7073-1686-5
|q (brožováno)
|
| 040 |
|
|
|a BOA001
|b cze
|e rda
|
| 072 |
|
7 |
|a 821.133.1-3
|x Francouzská próza, francouzsky psaná
|2 Konspekt
|9 25
|
| 080 |
|
|
|a 821.133.1-31
|2 MRF
|
| 080 |
|
|
|a (0:82-312.4)
|2 MRF
|
| 100 |
1 |
|
|a Echenoz, Jean,
|d 1947-
|7 xx0005345
|4 aut
|
| 245 |
1 |
0 |
|a Je m'en vais /
|c Jean Echenoz
|
| 264 |
|
1 |
|a Paris :
|b Les Éditions de Minuit,
|c 1999
|
| 300 |
|
|
|a 252 stran ;
|c 19 cm
|
| 336 |
|
|
|a text
|b txt
|2 rdacontent
|
| 337 |
|
|
|a bez média
|b n
|2 rdamedia
|
| 338 |
|
|
|a svazek
|b nc
|2 rdacarrier
|
| 500 |
|
|
|a Obálkový podnázev: roman
|
| 655 |
|
7 |
|a francouzské romány
|7 fd132289
|2 czenas
|
| 655 |
|
7 |
|a detektivní romány
|7 fd132010
|2 czenas
|
| 910 |
|
|
|a BOA001
|b 1-1425.507
|
| 990 |
|
|
|a BK
|
| 991 |
|
|
|b 201906
|
| 996 |
7 |
|
|b 2610776589
|c 1-1425.507
|l FR1
|r ZHR
|n 2
|p dar
|h F-ech
|w 001715090
|u 000010
|a 0
|e BOA001
|j MZK50
|s A
|